00000000cas 2200000zi 4500
0019.882040
003CaOODSP
00520260618120459
006m     o  d f      
007cr cn ||||||||
008191115d20182022oncar p o    f0###b0fre|d
022 |a2562-6256
040 |aCaOODSP|bfre|erda|cCaOODSP
041 |afre|bfre|beng|biku
043 |an-cn---
0861 |aR101-6F-PDF
222 0|aSavoir polaire
24500|aSavoir polaire : |baqhaliat rapport.
24630|aAqhaliat rapport
24613|aSavoir polaire : |brapport aqhaliat
264 1|aOttawa (Ontario) : |bSavoir polaire Canada = Polar Knowledge Canada, |c[2018-2022]
310 |aAnnuel
336 |atexte|btxt|2rdacontent/fre
337 |ainformatique|bc|2rdamedia/fre
338 |aressource en ligne|bcr|2rdacarrier/fre
3621 |aParaît depuis : 2018; ne paraît plus après : Volume 4 [2022].
500 |aPublié aussi en anglais sous le titre : Polar knowledge : aqhaliat report.
588 |aDescription d'après : 2018; titre de la page couverture du fichier PDF.
588 |aDernière livraison consultée : Volume 4 [2022].
650 6|aRégions polaires|xRecherche|zCanada|vPériodiques.
655 7|aPériodiques|2rvmgf
7102 |aSavoir polaire Canada, |eorganisme de publication.
77508|tPolar knowledge : |w(CaOODSP)9.882028
77508|tUkiuqtaqtumi qauyihimanuarviat : |w(CaOODSP)9.910302
77508|tUkiuqtaqtumi qaujimaniq : |w(CaOODSP)9.910298